Leader xxxxxxxxxx
001 __ 102499/3/04
005 __ 20171120175624.176
010 0_ |a957-32-5078-0|b全套:精裝|d新臺幣1120元
010 0_ |a957-32-5079-9|b第1冊:精裝|d新臺幣280元
010 0_ |a957-32-5080-2|b第2冊:精裝|d新臺幣280元
010 0_ |a957-32-5081-0|b第3冊:精裝|d新臺幣280元
010 0_ |a957-32-5082-9|b第4冊:精裝|d新臺幣280元
020 __ |atw|b92017877
050 __ |a101518502
100 __ |a20171120d2003 m y0chiy50 e
101 0_ |achi
102 __ |atw
105 __ |aaf z 000ay
200 1_ |a神鵰俠侶|f金庸作
205 __ |a四版
210 __ |a臺北市|c遠流|d2003[民92]
215 0_ |a4冊|c部份彩圖|d22公分
225 12 |a金庸作品集|v9-12
300 __ |a2003新修版
300 __ |a版權頁英文題名: The giant eagle and its companion
517 1_ |aThe giant eagle and its companion|zeng
681 __ |a857.9|b864 v.1
700 _0 |a金庸|4作
801 _0 |atw|bLibDipper|c20171120|gCCR
|